Zahraničné investície a ich prínos pre výkonnosť ekonomiky bakalárska práca

Enregistré dans:
Détails bibliographiques
Auteur principal: Halousková, Martina
Collectivité auteur: Fakulta podnikového manažmentu EU. Katedra podnikovohospodárska
Autres auteurs: Kovalev, Andrej
Format: Livre
Langue:slovaque
Publié: Bratislava 2018
Tags: Ajouter un tag
Pas de tags, Soyez le premier à ajouter un tag!

MARC

LEADER 00000nbm a2200000 4500
001 0244895
005 20181009111559.8
041 0 |a slo 
044 |a SK 
245 1 0 |a Zahraničné investície a ich prínos pre výkonnosť ekonomiky  |b bakalárska práca  |c Martina Halousková ; školiteľ: Andrej Kovalev 
264 1 |a Bratislava  |c 2018 
300 |a 47 s. 
100 1 |a Halousková, Martina 
700 1 |a Kovalev, Andrej 
710 2 |a Fakulta podnikového manažmentu EU. Katedra podnikovohospodárska